Vnútropodnikové smernice. Archivácia účtovných písomností a záznamov
Obsah smernice s komentármi.
Uložené v:
| Hlavný autor: | |
|---|---|
| Médium: | Kapitola |
| Jazyk: | Slovak |
| Predmet: | |
| Tagy: |
Žiadne tagy, Buďte prvý, kto otaguje tento záznam!
|
MARC
| LEADER | 00000nla$a2200000$$$4500 | ||
|---|---|---|---|
| 001 | 0051235 | ||
| 005 | 20240502071609.4 | ||
| 041 | 0 | |a slo | |
| 044 | |a SK | ||
| 245 | 1 | 0 | |a Vnútropodnikové smernice. Archivácia účtovných písomností a záznamov |c Jitka Meluchová |
| 520 | |a Obsah smernice s komentármi. | ||
| 610 | 2 | 0 | |a doklady účtovné |
| 610 | 2 | 0 | |a účtovníctvo vnútropodnikové |
| 610 | 2 | 0 | |a smernice |
| 100 | 1 | |a Meluchová, Jitka, 1965- | |